Every day with Jesus / (Record no. 7355)

MARC details
000 -LEADER
fixed length control field 00967cam a2200301 a 4500
001 - CONTROL NUMBER
control field 13729747
003 - CONTROL NUMBER IDENTIFIER
control field OSt
005 - DATE AND TIME OF LATEST TRANSACTION
control field 20190208100006.0
008 - FIXED-LENGTH DATA ELEMENTS--GENERAL INFORMATION
fixed length control field 040924s2004 tnu 000 0 eng d
010 ## - LIBRARY OF CONGRESS CONTROL NUMBER
LC control number 2004302811
020 ## - INTERNATIONAL STANDARD BOOK NUMBER
International Standard Book Number 0805430806
035 ## - SYSTEM CONTROL NUMBER
System control number (OCoLC)ocm55733715
040 ## - CATALOGING SOURCE
Original cataloging agency TNE
Transcribing agency TNE
Modifying agency DLC
042 ## - AUTHENTICATION CODE
Authentication code lccopycat
050 00 - LIBRARY OF CONGRESS CALL NUMBER
Classification number BV4811
Item number .H842 2004
082 00 - DEWEY DECIMAL CLASSIFICATION NUMBER
Classification number 242.5
Edition number 22
Item number H893E
100 1# - MAIN ENTRY--PERSONAL NAME
Personal name Hughes, Selwyn.
245 10 - TITLE STATEMENT
Title Every day with Jesus /
Statement of responsibility, etc. by Selwyn Hughes.
260 ## - PUBLICATION, DISTRIBUTION, ETC.
Place of publication, distribution, etc. Nashville, Tenn. :
Name of publisher, distributor, etc. Broadman & Holman,
Date of publication, distribution, etc. c2004.
300 ## - PHYSICAL DESCRIPTION
Extent 125 p. ;
Dimensions 17 cm.
500 ## - GENERAL NOTE
General note "Devotional collection".
650 #0 - SUBJECT ADDED ENTRY--TOPICAL TERM
Topical term or geographic name entry element Standing Strong
650 #0 - SUBJECT ADDED ENTRY--TOPICAL TERM
Topical term or geographic name entry element Still Waters
General subdivision Bringing Down Giants
856 42 - ELECTRONIC LOCATION AND ACCESS
Materials specified Publisher description
Uniform Resource Identifier <a href="http://www.loc.gov/catdir/enhancements/fy1003/2004302811-d.html">http://www.loc.gov/catdir/enhancements/fy1003/2004302811-d.html</a>
906 ## - LOCAL DATA ELEMENT F, LDF (RLIN)
a 7
b cbc
c copycat
d 2
e ncip
f 20
g y-gencatlg
942 ## - ADDED ENTRY ELEMENTS (KOHA)
Source of classification or shelving scheme Dewey Decimal Classification
Koha item type Books
Holdings
Withdrawn status Lost status Source of classification or shelving scheme Damaged status Not for loan Collection code Home library Current library Shelving location Date acquired Cost, normal purchase price Serial Enumeration / chronology Total Checkouts Full call number Barcode Date last seen Price effective from Koha item type
    Dewey Decimal Classification     Non-fiction Harvest Mission College Harvest Mission College General Stacks 08.02.2019 350.00 Standing Strong   242.5 H893E 008363 08.02.2019 08.02.2019 Books
    Dewey Decimal Classification     Non-fiction Harvest Mission College Harvest Mission College General Stacks 08.02.2019 350.00 Still Waters   242.5 H893E 008362 08.02.2019 08.02.2019 Books
    Dewey Decimal Classification     Non-fiction Harvest Mission College Harvest Mission College General Stacks 08.02.2019 350.00 Bringing Down Giants   242.5 H893E 008361 08.02.2019 08.02.2019 Books

OPAC Designed and Maintained by HMC Library Team.
Copyright © HMC Library,Greater Noida, UP.
For any Suggestions/Query Contact library via Email:libhmc@gmail.com